|
|
|
|
| LEADER |
00000naa0a2200000 4500 |
| 001 |
637254 |
| 005 |
20250528085436.0 |
| 035 |
|
|
|a (RuTPU)RU\TPU\network\1352
|
| 035 |
|
|
|a RU\TPU\network\1341
|
| 090 |
|
|
|a 637254
|
| 100 |
|
|
|a 20140611d2005 k||y0engy50 ba
|
| 101 |
0 |
|
|a eng
|
| 102 |
|
|
|a NL
|
| 135 |
|
|
|a drcn ---uucaa
|
| 181 |
|
0 |
|a i
|
| 182 |
|
0 |
|a b
|
| 200 |
1 |
|
|a Characterization of Coupled Flux Qubits by Impedance Measurement Technique
|f S.H.W. van der Ploeg [et al.]
|
| 203 |
|
|
|a Text
|c electronic
|
| 300 |
|
|
|a Title screen
|
| 333 |
|
|
|a Режим доступа: по договору с организацией-держателем ресурса
|
| 463 |
|
|
|t ISEC 2005
|o 10th International Superconductive Electronics Conferenc, 5-9 September 2005, Noordwijkerhout, Netherlands
|v [2 р.]
|d 2005
|
| 610 |
1 |
|
|a электронный ресурс
|
| 610 |
1 |
|
|a труды учёных ТПУ
|
| 701 |
|
1 |
|a Ploeg
|b S.H.W. van der
|
| 701 |
|
1 |
|a Izmalkov
|b A.
|
| 701 |
|
1 |
|a Grajcar
|b M.
|
| 701 |
|
1 |
|a Il'ichev
|b E.
|
| 701 |
|
1 |
|a Linzen
|b S.
|
| 701 |
|
1 |
|a Wagner
|b Th.
|
| 701 |
|
1 |
|a Hubner
|b U.
|
| 701 |
|
1 |
|a Meyer
|b H.-G.
|
| 701 |
|
1 |
|a Uchaykin
|b S. V.
|c specialist in the field of non-destructive testing
|c Engineer of Tomsk Polytechnic University, Doctor of physical and mathematical sciences
|f 1963-
|g Sergey Victorovich
|3 (RuTPU)RU\TPU\pers\32279
|
| 701 |
|
1 |
|a Brink
|b A. M. van den
|
| 701 |
|
1 |
|a Zagoskin
|b A. M.
|
| 801 |
|
2 |
|a RU
|b 63413507
|c 20150323
|g RCR
|
| 850 |
|
|
|a 63413507
|
| 856 |
4 |
|
|u http://www.researchgate.net/publication/259157119_Characterization_of_Coupled_Flux_Qubits_by_Impedance_Measurement_Technique
|
| 942 |
|
|
|c CF
|